00918nam a22002297a 450000500170000000800410001702000150005805000220007324000760009524501810017125000110035226000310036330000360039450400320043050400210046265000330048365000440051665000300056070000260059070000290061670000430064520231205145310.0181130t mx bd gr|||| 00| 0 spa|| a970613588X04aJX1308 bT73 200210aGlobal transformations : hpolitics, economics and culture.lEspañol.00aTransformaciones globales b : política, economía y cultura c / David Held ... [et al.] ; traducción Guadalupe Meza Staines ; revisión técnica Roberto Ehrman Fiorio. a1a ed. aMéxico :bOxford, c2002 alxviii, 648 p. :bil. ;c24 cm. aBibliografía : p. 575-614 aIncluye índice 4aOrganización internacional 4aRelaciones económicas internacionales 4aPolítica mundial -1989-1 aHeld, David, eautor.1 aMcGrew, Anthony,eautor.1 aMeza Staines, Guadalupe, etraductora.